| 000 | 01123nam a22002657a 4500 | ||
|---|---|---|---|
| 005 | 20220803144925.0 | ||
| 008 | 220803s2010 mx a|||f |||| 00| 0 spa d | ||
| 020 | _a970-9871-09-9 | ||
| 040 | _cCHAP | ||
| 082 |
_222 _a332.71097247 _bP43 |
||
| 100 | 1 |
_990030 _aPérez Sánchez, Alfonso |
|
| 245 |
_aFinanciamiento rural en Tlaxcala : _bpanorama general y alternativas / _cpor Alfonso Pérez Sánchez, María del Refugio Martínez Viera y Celia Hernández Cortés. |
||
| 264 |
_aTlaxcala, México : _bEl Colegio de Tlaxcala ; _bCONACYT : _bGobierno del Estado de Tlaxcala, _c2005 |
||
| 300 |
_a164 páginas : _bmapas, cuadros, gráficas. |
||
| 336 |
_atexto _btxt _2rdacontenido |
||
| 337 |
_asinmedio _bn _2rdamedia |
||
| 338 |
_bvolumen _anc _2rdacarrier |
||
| 650 | 7 |
_929083 _aCrédito agrícola _xTlaxcala |
|
| 650 | 0 |
_9185312 _aAgricultura _zTlaxcala _xFinanzas |
|
| 650 | 7 |
_932029 _aDesarrollo de la comunidad rural _xTlaxcala |
|
| 650 | 7 |
_91300 _aAgricultura _xAspectos económicos _xTlaxcala |
|
| 700 |
_9185310 _aMartínez Viera, María del Refugio |
||
| 700 |
_9185311 _aHernández Cortés, Celia |
||
| 942 |
_2ddc _cLIBRO |
||
| 999 |
_c209208 _d209208 |
||